000 00925cam a22002653a 4500
001 3464
003 PGUSA
005 20140828083032.0
008 050216s2005||||xxu|||||s|||||000 1 eng d
040 _aPGUSA
_beng
042 _adc
050 4 _aPS
100 1 _aRinehart, Mary Roberts,
_d1876-1958
245 1 0 _aTish :
_bThe Chronicle of Her Escapades and Excursions
_h[electronic resource] /
_cMary Roberts Rinehart
260 _bProject Gutenberg,
_c2005
505 0 _aMind over motor -- Like a wolf on the fold -- The simple lifers -- Tish's spy -- My country Tish of Thee.
506 _aPublic domain in the USA.
516 _aElectronic text
653 _aCarberry, Letitia (Tish, fictitious character) -- Fiction
653 _aMystery and detective stories
700 1 _aPreston, May Wilson,
_d1873-1949
830 0 _aProject Gutenberg
_v3464
856 4 0 _uhttp://www.gutenberg.org/ebooks/3464
942 _cEB
999 _c232793
_d232793